Roman History #Fall of the empire/ great migration - Statistics

General Stats
  • This quiz has been taken 52 times
  • The average score is 8 of 10
Answer Stats
Hint Answer % Correct
Which language was introduced as the official language of the eastern roman empire in 612 Ad Greek
90%
Which empire captured Constantinople ending the eastern roman empire Ottoman Empire
88%
Which Hunnic leader is now known as the scourge of god Attila the Hun
86%
What is the eastern roman empire more commonly known as Byzantine empire
86%
First emperor of the eastern roman empire Constantine
80%
Which tribe sacked Rome in 455 Vandals
76%
Which eastern roman emperor built the Hagia Sophia as well as codifying old roman laws Justinian I
73%
Which emperor split Rome into two halves to make governing easier Diocletian
67%
Who was the last western roman emperor Romulus Augustulus
65%
Which sultan lead the above capture of Constantinople Mehmed II
51%
No matching quizzes found
Score Distribution
Percent of People with Each Score
Percentile by Number Answered
Your Score History
You have not taken this quiz